00375nam a2200145Ia 4500008004100000020001300041041000800054082001700062100002400079245007000103250000600173260003300179300000800212650000900220210716s1975 xx 000 0 und d a70238421 aeng a005.362 GOTB aGottfried, Byron S. aSchaums outline of theory and problems of programming with basic. a1 aNew DelhibMcGraw Hillc1975 a239 aNone